The Disney Song Encyclopedia : (Record no. 585735)

MARC details
000 -LEADER
fixed length control field 00437nam a2200181 a 4500
008 - FIXED-LENGTH DATA ELEMENTS--GENERAL INFORMATION
fixed length control field 250907s2009##################000#0#eng##
020 ## - INTERNATIONAL STANDARD BOOK NUMBER
ISBN 9780810869370
082 04 - DEWEY DECIMAL CLASSIFICATION NUMBER
Classification number 782.421640973
Item number HIS
100 1# - MAIN ENTRY--AUTHOR NAME
Personal name Hischak, Thomas S.,
245 10 - TITLE STATEMENT
Title The Disney Song Encyclopedia :
260 ## - PUBLICATION, DISTRIBUTION, ETC. (IMPRINT)
Year of publication 2009.
650 #0 - SUBJECT ADDED ENTRY--TOPICAL TERM
Topical Term Music.
942 ## - ADDED ENTRY ELEMENTS (KOHA)
Koha item type English Books
Holdings
Withdrawn status Lost status Damaged status Not for loan Home library Current library Shelving location Date acquired Full call number Accession Number Price effective from Koha item type
        Anna Centenary Library Anna Centenary Library 6TH FLOOR, B WING 07.09.2025 782.421640973 HIS 480628 07.09.2025 English Books

Find us on the map